| 000 | 00868nas a2200277 4500 | ||
|---|---|---|---|
| 001 | BR9800965 | ||
| 003 | BR-BrBNA | ||
| 005 | 20231205100906.0 | ||
| 007 | ta | ||
| 008 | 230509b bl.|||p| |||| 00| 00por d | ||
| 040 |
_aBR-BrBNA _bpor _cBiblioteca Nacional de Agricultura |
||
| 041 | _a(Pt) | ||
| 072 | _aQ03; Q04 | ||
| 100 | 1 | _aGomes, M.I.F.V. | |
| 100 | 1 | _aBonassi, I.A. | |
| 100 | 1 | _aRoca, R. de O. | |
| 245 | 1 | _aCaracteristicas quimicas, microbiologicas e sensoriais de leite de cabra congelado | |
| 650 | _aLeite de Cabra | ||
| 650 | _aArmazenamento | ||
| 650 | _aCongelamento | ||
| 650 | _aPropriedade Fisico-Quimica | ||
| 650 | _aAnalise Organoleptica | ||
| 773 | 0 |
_tCiencia e Tecnologia de Alimentos (Brazil) _xISSN 0101-2061 _g(May-Aug 1997), v. 17(2) p. 111-114 _wBR9800965 |
|
| 909 |
_a202311 _bLúcia _c55 _dLúcia Elande |
||
| 942 |
_2AGRIS _n0 _cANA |
||
| 999 |
_c158653 _d158653 |
||